सीमेंट नगर / (Record no. 37365)
[ view plain ]
| 000 -LEADER | |
|---|---|
| fixed length control field | 00997nam a22002297a 4500 |
| 005 - DATE AND TIME OF LATEST TRANSACTION | |
| control field | 20100723100918.0 |
| 010 ## - LCCN (DPL NO) | |
| LC control number | HIN-89794 |
| 020 ## - INTERNATIONAL STANDARD BOOK NUMBER | |
| Terms of availability | 130.00 |
| International Standard Book Number | 9788190423236 |
| 035 ## - SYSTEM CONTROL NUMBER | |
| System control number | HN-62140 |
| 037 ## - SOURCE OF ACQUISITION | |
| Source of stock number/acquisition | DBAD/PUB |
| 082 ## - DEWEY DECIMAL CLASSIFICATION NUMBER | |
| Classification number | उ |
| 100 ## - MAIN ENTRY--PERSONAL NAME | |
| Personal name | विजय |
| 245 ## - TITLE STATEMENT | |
| Title | सीमेंट नगर / |
| Statement of responsibility, etc | विजय |
| 246 ## - VARYING FORM OF TITLE | |
| Title proper/short title | Siment Nagar |
| Remainder of title | by Vijay |
| 260 ## - PUBLICATION, DISTRIBUTION, ETC. (IMPRINT) | |
| Place of publication, distribution, etc | दिल्ली |
| Name of publisher, distributor, etc | सुहानी बुक्स |
| Date of publication, distribution, etc | 2009 |
| 270 ## - ADDRESS | |
| Address | सी-37,ग्राउंड फ्लोर (ब्लॉक सी), गणेश नगर, पांडवनगर कॉम्पलेक्स |
| City | दिल्ली |
| Postal code | 110092 |
| 300 ## - PHYSICAL DESCRIPTION | |
| Extent | 264पृ. |
| Other physical details | 22सेमी (सजिल्द) |
| 650 ## - SUBJECT ADDED ENTRY--TOPICAL TERM | |
| Topical term or geographic name as entry element | हिन्दी कथा साहित्य |
| 650 ## - SUBJECT ADDED ENTRY--TOPICAL TERM | |
| Topical term or geographic name as entry element | Hindi Katha Sahitya |
| 942 ## - ADDED ENTRY ELEMENTS (KOHA) | |
| Source of classification or shelving scheme | Dewey Decimal Classification |
| Item type | Hindi Books |
| Classification part | उ |
| Call number suffix | विजय |
| Withdrawn status | Lost status | Not for loan | Collection code | Home library | Current library | Date acquired | Source of acquisition | Cost, normal purchase price | Full call number | Barcode | Copy number | Cost, replacement price | Koha item type |
|---|---|---|---|---|---|---|---|---|---|---|---|---|---|
| Not For Loan | Fiction | D.B.Act.Division | D.B.Act.Division | 23/07/2010 | DBAD / PUB | 130.00 | उ विजय | HN-62140 | 1 | 130.00 | Hindi Books |
